[Event "DEM U12 2021"]
[Site "Willingen GER"]
[Date "2021.08.24"]
[Round "3"]
[White "Mündörfer, Sebastian"]
[Black "Fruth, David"]
[Result "1-0"]
[Termination "normal"]
[Board "22"]
[WhiteElo "1176"]
[BlackElo "1749"]
[WhiteClock "01:04:31"]
[BlackClock "00:31:59"]
[PlyCount "75"]
[WhiteFideId "34604367"]
[BlackFideId "16257596"]
[EventCountry "GER"]
[EventRounds "9"]
[EventType "swiss"]
[EventDate "2021.08.22"]

1. d4 {[%clk 01:30:58]} {[%emt 00:00:02]} Nf6 {[%clk 01:30:58]} {[%emt
00:00:01]} 2. c4 {[%clk 01:31:20]} {[%emt 00:00:09]} g6 {[%clk 01:31:27]} 3.
Nc3 {[%clk 01:31:37]} {[%emt 00:00:13]} Bg7 {[%clk 01:31:55]} {[%emt 00:00:02]}
4. Nf3 {[%clk 01:31:44]} {[%emt 00:00:23]} O-O {[%clk 01:32:19]} {[%emt
00:00:06]} 5. Bg5 {[%clk 01:32:07]} {[%emt 00:00:07]} d6 {[%clk 01:32:15]}
{[%emt 00:00:34]} 6. e3 {[%clk 01:32:29]} {[%emt 00:00:08]} Nbd7 {[%clk
01:32:32]} {[%emt 00:00:13]} 7. Be2 {[%clk 01:32:46]} {[%emt 00:00:14]} c5
{[%clk 01:32:33]} {[%emt 00:00:29]} 8. d5 {[%clk 01:32:51]} {[%emt 00:00:24]}
Ng4 {[%clk 01:31:52]} {[%emt 00:01:10]} 9. O-O {[%clk 01:32:24]} {[%emt
00:00:57]} h6 {[%clk 01:27:28]} {[%emt 00:04:55]} 10. Bh4 {[%clk 01:32:33]}
{[%emt 00:00:20]} f5 {[%clk 01:16:44]} {[%emt 00:11:15]} 11. h3 {[%clk
01:30:15]} {[%emt 00:02:48]} Nge5 {[%clk 01:14:45]} {[%emt 00:02:29]} 12. Nxe5
{[%clk 01:30:10]} {[%emt 00:00:34]} Nxe5 {[%clk 01:13:58]} {[%emt 00:01:18]}
13. Bg3 {[%clk 01:27:42]} {[%emt 00:02:57]} a6 {[%clk 01:05:14]} {[%emt
00:09:16]} 14. Qc2 {[%clk 01:27:30]} {[%emt 00:00:40]} Bd7 {[%clk 01:03:50]}
{[%emt 00:01:54]} 15. Rab1 {[%clk 01:22:48]} {[%emt 00:05:12]} Rb8 {[%clk
01:02:35]} {[%emt 00:01:46]} 16. b3 {[%clk 01:17:36]} {[%emt 00:05:42]} Qa5
{[%clk 01:01:06]} {[%emt 00:01:58]} 17. Rfc1 {[%clk 01:16:54]} {[%emt
00:01:06]} b5 {[%clk 00:59:23]} {[%emt 00:02:19]} 18. f4 {[%clk 01:13:17]}
{[%emt 00:04:07]} Nf7 {[%clk 00:59:12]} {[%emt 00:00:42]} 19. Be1 {[%clk
01:13:33]} {[%emt 00:00:14]} Qa3 {[%clk 00:55:00]} {[%emt 00:04:41]} 20. Nd1
{[%clk 01:12:08]} {[%emt 00:01:55]} e6 {[%clk 00:54:13]} {[%emt 00:01:17]} 21.
cxb5 {[%clk 01:11:38]} {[%emt 00:01:02]} axb5 {[%clk 00:54:22]} {[%emt
00:00:20]} 22. b4 {[%clk 01:11:48]} {[%emt 00:00:20]} exd5 {[%clk 00:47:40]}
{[%emt 00:07:12]} 23. bxc5 {[%clk 01:11:26]} {[%emt 00:00:52]} dxc5 {[%clk
00:43:10]} {[%emt 00:05:00]} 24. Qxc5 {[%clk 01:09:48]} {[%emt 00:02:08]} Qxa2
{[%clk 00:42:19]} {[%emt 00:01:21]} 25. Bf3 {[%clk 01:08:44]} {[%emt 00:01:33]}
Be6 {[%clk 00:37:24]} {[%emt 00:05:24]} 26. Nc3 {[%clk 01:04:48]} {[%emt
00:04:24]} Bxc3 {[%clk 00:35:20]} {[%emt 00:02:37]} 27. Bxc3 {[%clk 01:03:15]}
{[%emt 00:02:03]} Qc4 {[%clk 00:35:38]} {[%emt 00:00:12]} 28. Qe7 {[%clk
01:02:46]} {[%emt 00:01:00]} Rfe8 {[%clk 00:30:28]} {[%emt 00:05:39]} 29. Qf6
{[%clk 01:03:07]} {[%emt 00:00:09]} Kf8 {[%clk 00:30:42]} {[%emt 00:00:16]} 30.
Bb4+ {[%clk 01:02:50]} {[%emt 00:00:48]} Qxb4 {[%clk 00:29:54]} {[%emt
00:01:17]} 31. Rxb4 {[%clk 01:03:08]} {[%emt 00:00:12]} Rbc8 {[%clk 00:30:10]}
{[%emt 00:00:13]} 32. Rxc8 {[%clk 01:03:17]} {[%emt 00:00:21]} Bxc8 {[%clk
00:30:34]} {[%emt 00:00:06]} 33. Bxd5 {[%clk 01:03:32]} {[%emt 00:00:16]} Re7
{[%clk 00:30:35]} {[%emt 00:00:29]} 34. Rxb5 {[%clk 01:03:32]} {[%emt
00:00:30]} Bd7 {[%clk 00:30:48]} {[%emt 00:00:16]} 35. Rb8+ {[%clk 01:03:49]}
{[%emt 00:00:14]} Be8 {[%clk 00:31:10]} {[%emt 00:00:08]} 36. Bxf7 {[%clk
01:03:50]} {[%emt 00:00:29]} Rxf7 {[%clk 00:31:34]} {[%emt 00:00:06]} 37. Qh8+
{[%clk 01:04:13]} {[%emt 00:00:07]} Ke7 {[%clk 00:31:59]} {[%emt 00:00:05]} 38.
Qxe8+ {[%clk 01:04:31]} {[%emt 00:00:12]} 1-0

[Event "DEM U12 2021"]
[Site "Willingen GER"]
[Date "2021.08.24"]
[Round "3"]
[White "Lu, Yunong Elias"]
[Black "Birkenheier, Nicolas"]
[Result "0-1"]
[Termination "normal"]
[Board "23"]
[WhiteElo "1557"]
[BlackElo "1293"]
[WhiteClock "01:13:00"]
[BlackClock "00:43:37"]
[PlyCount "51"]
[WhiteFideId "16276426"]
[BlackFideId "16287100"]
[EventCountry "GER"]
[EventRounds "9"]
[EventType "swiss"]
[EventDate "2021.08.22"]

1. e4 {[%clk 01:30:56]} {[%emt 00:00:03]} e5 {[%clk 01:30:49]} {[%emt
00:00:12]} 2. Nf3 {[%clk 01:31:19]} {[%emt 00:00:06]} Nc6 {[%clk 01:31:03]}
{[%emt 00:00:16]} 3. Bb5 {[%clk 01:31:35]} {[%emt 00:00:15]} a6 {[%clk
01:30:56]} {[%emt 00:00:37]} 4. Ba4 {[%clk 01:31:21]} {[%emt 00:00:44]} Nf6
{[%clk 01:30:19]} {[%emt 00:01:06]} 5. d3 {[%clk 01:31:34]} {[%emt 00:00:17]}
b5 {[%clk 01:30:18]} {[%emt 00:00:32]} 6. Bb3 {[%clk 01:31:54]} {[%emt
00:00:08]} Bc5 {[%clk 01:29:52]} {[%emt 00:00:58]} 7. O-O {[%clk 01:31:53]}
{[%emt 00:00:28]} d6 {[%clk 01:29:14]} {[%emt 00:01:09]} 8. c3 {[%clk
01:30:27]} {[%emt 00:01:58]} Bg4 {[%clk 01:27:43]} {[%emt 00:02:01]} 9. Nbd2
{[%clk 01:30:02]} {[%emt 00:00:54]} O-O {[%clk 01:27:16]} {[%emt 00:00:57]} 10.
Re1 {[%clk 01:28:53]} {[%emt 00:01:38]} Re8 {[%clk 01:24:40]} {[%emt 00:03:06]}
11. Nf1 {[%clk 01:26:58]} {[%emt 00:02:26]} d5 {[%clk 01:17:46]} {[%emt
00:07:25]} 12. exd5 {[%clk 01:25:18]} {[%emt 00:02:10]} Nxd5 {[%clk 01:17:59]}
{[%emt 00:00:16]} 13. h3 {[%clk 01:23:46]} {[%emt 00:02:02]} Bh5 {[%clk
01:15:17]} {[%emt 00:03:12]} 14. d4 {[%clk 01:22:16]} {[%emt 00:02:01]} Ba7
{[%clk 01:02:29]} {[%emt 00:13:18]} 15. dxe5 {[%clk 01:20:46]} {[%emt
00:01:59]} Nb6 {[%clk 00:58:48]} {[%emt 00:04:11]} 16. Qxd8 {[%clk 01:19:09]}
{[%emt 00:02:07]} Raxd8 {[%clk 00:58:39]} {[%emt 00:00:39]} 17. Bg5 {[%clk
01:19:14]} {[%emt 00:00:25]} Rc8 {[%clk 00:57:06]} {[%emt 00:02:03]} 18. e6
{[%clk 01:18:07]} {[%emt 00:01:39]} f6 {[%clk 00:55:53]} {[%emt 00:01:41]} 19.
Be3 {[%clk 01:17:10]} {[%emt 00:01:28]} Bxf3 {[%clk 00:53:31]} {[%emt
00:02:52]} 20. Bxb6 {[%clk 01:15:26]} {[%emt 00:02:14]} Bxb6 {[%clk 00:53:07]}
{[%emt 00:00:54]} 21. gxf3 {[%clk 01:15:39]} {[%emt 00:00:17]} Ne5 {[%clk
00:52:58]} {[%emt 00:00:39]} 22. Kg2 {[%clk 01:15:07]} {[%emt 00:01:02]} Kh8
{[%clk 00:51:44]} {[%emt 00:01:43]} 23. Rad1 {[%clk 01:14:55]} {[%emt
00:00:43]} c5 {[%clk 00:49:24]} {[%emt 00:02:50]} 24. Rd6 {[%clk 01:14:28]}
{[%emt 00:00:57]} Rb8 {[%clk 00:48:15]} {[%emt 00:01:39]} 25. Bc2 {[%clk
01:13:46]} {[%emt 00:01:13]} Nc4 {[%clk 00:43:37]} {[%emt 00:05:07]} 26. b3
{[%clk 01:13:00]} {[%emt 00:01:16]} 0-1

[Event "DEM U12 2021"]
[Site "Willingen GER"]
[Date "2021.08.24"]
[Round "3"]
[White "Wellßow, Lio Keanu"]
[Black "Kullmann, Max"]
[Result "0-1"]
[Termination "normal"]
[Board "24"]
[WhiteElo "1203"]
[BlackElo "1411"]
[WhiteClock "00:49:48"]
[BlackClock "00:16:41"]
[PlyCount "68"]
[WhiteFideId "16252837"]
[BlackFideId "16218574"]
[EventCountry "GER"]
[EventRounds "9"]
[EventType "swiss"]
[EventDate "2021.08.22"]

1. d4 {[%clk 01:30:57]} {[%emt 00:00:02]} d5 {[%clk 01:30:53]} {[%emt
00:00:08]} 2. c4 {[%clk 01:31:18]} {[%emt 00:00:10]} e6 {[%clk 01:31:19]}
{[%emt 00:00:04]} 3. Nf3 {[%clk 01:31:25]} {[%emt 00:00:21]} Nf6 {[%clk
01:31:32]} {[%emt 00:00:18]} 4. Nc3 {[%clk 01:31:30]} {[%emt 00:00:25]} Nbd7
{[%clk 01:31:17]} {[%emt 00:00:45]} 5. Bg5 {[%clk 01:31:44]} {[%emt 00:00:16]}
Be7 {[%clk 01:30:30]} {[%emt 00:01:17]} 6. e3 {[%clk 01:26:29]} {[%emt
00:05:45]} h6 {[%clk 01:28:07]} {[%emt 00:02:53]} 7. Bh4 {[%clk 01:25:45]}
{[%emt 00:01:14]} c6 {[%clk 01:20:29]} {[%emt 00:08:08]} 8. Bd3 {[%clk
01:22:46]} {[%emt 00:03:29]} dxc4 {[%clk 01:20:18]} {[%emt 00:00:42]} 9. Bxc4
{[%clk 01:16:27]} {[%emt 00:00:22]} Nb6 {[%clk 01:17:40]} {[%emt 00:09:32]} 10.
b3 {[%clk 01:13:53]} {[%emt 00:03:07]} Bb4 {[%clk 01:11:29]} {[%emt 00:06:41]}
11. Qc2 {[%clk 01:12:46]} {[%emt 00:01:37]} g5 {[%clk 01:08:33]} {[%emt
00:03:25]} 12. Nxg5 {[%clk 01:09:34]} {[%emt 00:03:43]} hxg5 {[%clk 01:07:16]}
{[%emt 00:01:47]} 13. Bxg5 {[%clk 01:08:53]} {[%emt 00:01:11]} Bxc3+ {[%clk
00:49:14]} {[%emt 00:18:33]} 14. Qxc3 {[%clk 01:09:08]} {[%emt 00:00:14]} Ne4
{[%clk 00:48:35]} {[%emt 00:01:09]} 15. Bxd8 {[%clk 01:08:05]} {[%emt
00:01:33]} Nxc3 {[%clk 00:48:55]} {[%emt 00:00:10]} 16. Bf6 {[%clk 01:06:54]}
{[%emt 00:01:41]} Rh6 {[%clk 00:48:27]} {[%emt 00:00:56]} 17. Bg5 {[%clk
01:04:14]} {[%emt 00:03:12]} Rg6 {[%clk 00:44:24]} {[%emt 00:04:32]} 18. h4
{[%clk 01:03:15]} {[%emt 00:01:29]} f6 {[%clk 00:36:58]} {[%emt 00:07:57]} 19.
Bf4 {[%clk 01:02:41]} {[%emt 00:01:04]} Rxg2 {[%clk 00:35:36]} {[%emt
00:01:51]} 20. Bg3 {[%clk 01:01:35]} {[%emt 00:01:36]} Ne4 {[%clk 00:32:12]}
{[%emt 00:03:55]} 21. Kf1 {[%clk 00:59:48]} {[%emt 00:02:18]} Nxg3+ {[%clk
00:31:05]} {[%emt 00:01:37]} 22. Kxg2 {[%clk 01:00:06]} {[%emt 00:00:12]} Nxh1
{[%clk 00:31:27]} {[%emt 00:00:08]} 23. Rxh1 {[%clk 01:00:31]} {[%emt
00:00:05]} Bd7 {[%clk 00:31:30]} {[%emt 00:00:28]} 24. Bd3 {[%clk 00:57:55]}
{[%emt 00:03:06]} Kf7 {[%clk 00:25:36]} {[%emt 00:06:24]} 25. h5 {[%clk
00:57:20]} {[%emt 00:01:06]} Rh8 {[%clk 00:24:19]} {[%emt 00:01:46]} 26. Kg3
{[%clk 00:56:14]} {[%emt 00:01:36]} f5 {[%clk 00:21:32]} {[%emt 00:03:17]} 27.
Kf4 {[%clk 00:53:12]} {[%emt 00:03:32]} Kf6 {[%clk 00:20:19]} {[%emt 00:01:42]}
28. e4 {[%clk 00:52:17]} {[%emt 00:01:26]} Be8 {[%clk 00:16:18]} {[%emt
00:04:31]} 29. e5+ {[%clk 00:51:44]} {[%emt 00:01:04]} Kg7 {[%clk 00:16:23]}
{[%emt 00:00:24]} 30. Kg5 {[%clk 00:52:11]} {[%emt 00:00:04]} Kh7 {[%clk
00:16:14]} {[%emt 00:00:39]} 31. h6 {[%clk 00:50:42]} {[%emt 00:01:59]} Nd5
{[%clk 00:16:07]} {[%emt 00:00:37]} 32. Bc4 {[%clk 00:50:49]} {[%emt 00:00:23]}
Rg8+ {[%clk 00:16:20]} {[%emt 00:00:17]} 33. Kh4 {[%clk 00:49:31]} {[%emt
00:01:48]} Rg4+ {[%clk 00:16:41]} {[%emt 00:00:08]} 34. Kh3 {[%clk 00:49:48]}
{[%emt 00:00:12]} Nf4+ {[%emt 00:00:18]} 0-1

[Event "DEM U12 2021"]
[Site "Willingen GER"]
[Date "2021.08.24"]
[Round "3"]
[White "Detjen, Mattes"]
[Black "Jumah, Shayan"]
[Result "1/2-1/2"]
[Termination "normal"]
[Board "25"]
[WhiteElo "1162"]
[BlackElo "1275"]
[WhiteClock "00:45:45"]
[BlackClock "00:14:56"]
[PlyCount "76"]
[WhiteFideId "16235690"]
[BlackFideId "16281888"]
[EventCountry "GER"]
[EventRounds "9"]
[EventType "swiss"]
[EventDate "2021.08.22"]

1. e4 {[%clk 01:30:51]} {[%emt 00:00:08]} e6 {[%clk 01:30:56]} {[%emt
00:00:04]} 2. d4 {[%clk 01:30:52]} {[%emt 00:00:28]} d5 {[%clk 01:31:23]}
{[%emt 00:00:04]} 3. e5 {[%clk 01:30:39]} {[%emt 00:00:43]} c5 {[%clk
01:31:46]} {[%emt 00:00:08]} 4. c3 {[%clk 01:30:28]} {[%emt 00:00:39]} Nc6
{[%clk 01:32:11]} {[%emt 00:00:06]} 5. Nf3 {[%clk 01:30:20]} {[%emt 00:00:35]}
Qb6 {[%clk 01:32:37]} {[%emt 00:00:08]} 6. a3 {[%clk 01:29:44]} {[%emt
00:01:06]} a5 {[%clk 01:27:26]} {[%emt 00:05:42]} 7. Bd3 {[%clk 01:28:55]}
{[%emt 00:01:17]} Bd7 {[%clk 01:27:44]} {[%emt 00:00:13]} 8. Bc2 {[%clk
01:25:40]} {[%emt 00:03:45]} cxd4 {[%clk 01:23:24]} {[%emt 00:04:50]} 9. cxd4
{[%clk 01:24:10]} {[%emt 00:01:59]} Be7 {[%clk 01:23:19]} {[%emt 00:00:35]} 10.
Nc3 {[%clk 01:21:30]} {[%emt 00:03:11]} f6 {[%clk 01:21:17]} {[%emt 00:02:32]}
11. O-O {[%clk 01:18:41]} {[%emt 00:03:17]} fxe5 {[%clk 01:18:54]} {[%emt
00:02:54]} 12. dxe5 {[%clk 01:18:34]} {[%emt 00:00:36]} Bd8 {[%clk 01:18:28]}
{[%emt 00:00:57]} 13. Na4 {[%clk 01:16:57]} {[%emt 00:02:07]} Qa7 {[%clk
01:17:03]} {[%emt 00:01:55]} 14. Be3 {[%clk 01:16:50]} {[%emt 00:00:36]} b6
{[%clk 01:16:13]} {[%emt 00:01:22]} 15. Qd2 {[%clk 01:15:39]} {[%emt 00:01:41]}
Nge7 {[%clk 01:11:23]} {[%emt 00:05:19]} 16. b4 {[%clk 01:13:17]} {[%emt
00:02:52]} Qb8 {[%clk 01:00:40]} {[%emt 00:11:13]} 17. bxa5 {[%clk 01:10:04]}
{[%emt 00:03:41]} Nxa5 {[%clk 00:59:53]} {[%emt 00:01:20]} 18. Rab1 {[%clk
01:09:15]} {[%emt 00:01:19]} Nc4 {[%clk 00:59:11]} {[%emt 00:01:12]} 19. Qd1
{[%clk 01:04:23]} {[%emt 00:05:21]} Nxa3 {[%clk 00:55:07]} {[%emt 00:04:35]}
20. Ra1 {[%clk 00:59:30]} {[%emt 00:05:22]} Nxc2 {[%clk 00:51:28]} {[%emt
00:04:10]} 21. Qxc2 {[%clk 00:59:53]} {[%emt 00:00:07]} Bxa4 {[%clk 00:48:23]}
{[%emt 00:03:36]} 22. Rxa4 {[%clk 00:59:36]} {[%emt 00:00:47]} Rxa4 {[%clk
00:48:39]} {[%emt 00:00:14]} 23. Qxa4+ {[%clk 00:59:57]} {[%emt 00:00:09]} b5
{[%clk 00:49:02]} {[%emt 00:00:06]} 24. Rb1 {[%clk 00:58:38]} {[%emt 00:01:47]}
bxa4 {[%clk 00:49:28]} {[%emt 00:00:06]} 25. Rxb8 {[%clk 00:58:59]} {[%emt
00:00:10]} Nc6 {[%clk 00:48:36]} {[%emt 00:01:21]} 26. Ra8 {[%clk 00:58:38]}
{[%emt 00:00:51]} O-O {[%clk 00:48:41]} {[%emt 00:00:25]} 27. Rxa4 {[%clk
00:58:59]} {[%emt 00:00:10]} Bc7 {[%clk 00:49:01]} {[%emt 00:00:08]} 28. Bf4
{[%clk 00:58:58]} {[%emt 00:00:31]} d4 {[%clk 00:46:45]} {[%emt 00:02:47]} 29.
Rc4 {[%clk 00:57:33]} {[%emt 00:01:54]} Rxf4 {[%clk 00:39:12]} {[%emt
00:08:03]} 30. Rxc6 {[%clk 00:57:51]} {[%emt 00:00:13]} Ba5 {[%clk 00:28:59]}
{[%emt 00:10:42]} 31. Rxe6 {[%clk 00:53:00]} {[%emt 00:05:21]} d3 {[%clk
00:23:17]} {[%emt 00:06:12]} 32. Rd6 {[%clk 00:52:53]} {[%emt 00:00:37]} Ra4
{[%clk 00:22:24]} {[%emt 00:01:23]} 33. g3 {[%clk 00:51:15]} {[%emt 00:02:07]}
Ra3 {[%clk 00:20:57]} {[%emt 00:01:58]} 34. e6 {[%clk 00:47:57]} {[%emt
00:03:47]} Kf8 {[%clk 00:20:09]} {[%emt 00:01:19]} 35. Rd7 {[%clk 00:46:51]}
{[%emt 00:01:37]} Ra1+ {[%clk 00:17:56]} {[%emt 00:02:42]} 36. Kg2 {[%clk
00:47:09]} {[%emt 00:00:12]} Rd1 {[%clk 00:18:00]} {[%emt 00:00:26]} 37. Rd5
{[%clk 00:46:07]} {[%emt 00:01:32]} Bc3 {[%clk 00:15:30]} {[%emt 00:03:01]} 38.
Rd7 {[%clk 00:45:45]} {[%emt 00:00:51]} d2 {[%clk 00:14:56]} {[%emt 00:01:03]}
1/2-1/2

[Event "DEM U12 2021"]
[Site "Willingen GER"]
[Date "2021.08.24"]
[Round "3"]
[White "Rödel, Jannis"]
[Black "Ehses, Julius"]
[Result "1/2-1/2"]
[Termination "normal"]
[Board "26"]
[WhiteElo "1349"]
[BlackElo "1102"]
[WhiteClock "00:20:34"]
[BlackClock "00:30:16"]
[PlyCount "87"]
[WhiteFideId "34608834"]
[BlackFideId "16294920"]
[EventCountry "GER"]
[EventRounds "9"]
[EventType "swiss"]
[EventDate "2021.08.22"]

1. e4 {[%clk 01:30:55]} {[%emt 00:00:04]} e5 {[%clk 01:30:57]} {[%emt
00:00:04]} 2. Nf3 {[%clk 01:31:20]} {[%emt 00:00:05]} Nf6 {[%clk 01:31:25]}
{[%emt 00:00:02]} 3. Nxe5 {[%clk 01:31:38]} {[%emt 00:00:13]} d6 {[%clk
01:31:50]} {[%emt 00:00:05]} 4. Nf3 {[%clk 01:32:04]} {[%emt 00:00:03]} Nxe4
{[%clk 01:32:14]} {[%emt 00:00:06]} 5. d4 {[%clk 01:32:30]} {[%emt 00:00:05]}
d5 {[%clk 01:32:34]} {[%emt 00:00:09]} 6. Bd3 {[%clk 01:32:53]} {[%emt
00:00:07]} Bd6 {[%clk 01:32:30]} {[%emt 00:00:34]} 7. c4 {[%clk 01:30:58]}
{[%emt 00:02:25]} c6 {[%clk 01:32:26]} {[%emt 00:00:34]} 8. O-O {[%clk
01:29:34]} {[%emt 00:01:54]} O-O {[%clk 01:32:50]} {[%emt 00:00:07]} 9. Re1
{[%clk 01:29:10]} {[%emt 00:00:53]} Bf5 {[%clk 01:31:29]} {[%emt 00:01:51]} 10.
Nc3 {[%clk 01:25:39]} {[%emt 00:04:02]} Re8 {[%clk 01:31:30]} {[%emt 00:00:29]}
11. Qc2 {[%clk 01:20:20]} {[%emt 00:05:49]} Nxc3 {[%clk 01:21:42]} {[%emt
00:10:17]} 12. Rxe8+ {[%clk 01:19:41]} {[%emt 00:01:09]} Qxe8 {[%clk 01:22:05]}
{[%emt 00:00:06]} 13. bxc3 {[%emt 00:02:39]} Bxd3 {[%clk 01:22:20]} {[%emt
00:00:11]} 14. Qxd3 {[%clk 01:17:56]} {[%emt 00:00:11]} Nd7 {[%clk 01:21:36]}
{[%emt 00:01:15]} 15. Bd2 {[%clk 01:14:14]} {[%emt 00:04:12]} Qe6 {[%clk
01:21:10]} {[%emt 00:00:55]} 16. Re1 {[%clk 01:11:48]} {[%emt 00:02:56]} Qf6
{[%clk 01:18:15]} {[%emt 00:03:24]} 17. c5 {[%clk 01:01:08]} {[%emt 00:11:11]}
Bf8 {[%clk 01:15:48]} {[%emt 00:02:57]} 18. Bg5 {[%clk 00:51:43]} {[%emt
00:09:55]} Qg6 {[%clk 01:15:12]} {[%emt 00:01:03]} 19. Qd2 {[%clk 00:48:14]}
{[%emt 00:04:02]} f6 {[%clk 01:09:03]} {[%emt 00:06:38]} 20. Bf4 {[%clk
00:47:09]} {[%emt 00:01:36]} Re8 {[%clk 01:06:28]} {[%emt 00:03:05]} 21. Nh4
{[%clk 00:40:18]} {[%emt 00:07:20]} Rxe1+ {[%clk 01:05:58]} {[%emt 00:01:01]}
22. Qxe1 {[%clk 00:40:03]} {[%emt 00:00:45]} Qg4 {[%clk 01:04:02]} {[%emt
00:02:26]} 23. Bg3 {[%clk 00:40:24]} {[%emt 00:00:08]} Qe4 {[%clk 00:54:17]}
{[%emt 00:10:09]} 24. Qxe4 {[%clk 00:35:06]} {[%emt 00:05:55]} dxe4 {[%clk
00:54:20]} {[%emt 00:00:27]} 25. Nf5 {[%clk 00:35:33]} {[%emt 00:00:03]} b6
{[%clk 00:52:52]} {[%emt 00:01:58]} 26. cxb6 {[%clk 00:34:17]} {[%emt
00:01:47]} axb6 {[%clk 00:53:00]} {[%emt 00:00:21]} 27. Bc7 {[%clk 00:34:07]}
{[%emt 00:00:39]} Kf7 {[%clk 00:52:03]} {[%emt 00:01:27]} 28. Ng3 {[%clk
00:33:32]} {[%emt 00:01:05]} Ke6 {[%clk 00:49:42]} {[%emt 00:02:51]} 29. Nxe4
{[%clk 00:33:44]} {[%emt 00:00:17]} Kd5 {[%clk 00:49:53]} {[%emt 00:00:20]} 30.
f3 {[%clk 00:33:25]} {[%emt 00:00:49]} c5 {[%clk 00:47:52]} {[%emt 00:02:31]}
31. dxc5 {[%clk 00:33:05]} {[%emt 00:00:49]} bxc5 {[%clk 00:48:10]} {[%emt
00:00:13]} 32. Kf2 {[%clk 00:31:44]} {[%emt 00:01:51]} Kc4 {[%clk 00:47:30]}
{[%emt 00:01:10]} 33. Ke3 {[%clk 00:31:06]} {[%emt 00:01:08]} f5 {[%clk
00:45:32]} {[%emt 00:02:27]} 34. Ng3 {[%clk 00:30:55]} {[%emt 00:00:42]} Kxc3
{[%clk 00:44:36]} {[%emt 00:01:26]} 35. Nxf5 {[%clk 00:31:15]} {[%emt
00:00:11]} c4 {[%clk 00:43:04]} {[%emt 00:02:02]} 36. a4 {[%clk 00:24:35]}
{[%emt 00:07:10]} Nc5 {[%clk 00:43:07]} {[%emt 00:00:27]} 37. a5 {[%clk
00:24:42]} {[%emt 00:00:24]} Kb2 {[%clk 00:37:51]} {[%emt 00:05:45]} 38. Bb6
{[%clk 00:22:35]} {[%emt 00:02:37]} Na6 {[%clk 00:37:18]} {[%emt 00:01:03]} 39.
Kd4 {[%clk 00:22:26]} {[%emt 00:00:39]} c3 {[%clk 00:37:00]} {[%emt 00:00:48]}
40. Ne3 {[%clk 00:22:49]} {[%emt 00:00:07]} c2 {[%clk 00:32:12]} {[%emt
00:06:48]} 41. Nxc2 {[%clk 00:23:07]} {[%emt 00:00:11]} Kxc2 {[%clk 00:32:37]}
{[%emt 00:00:05]} 42. Kc4 {[%clk 00:23:30]} {[%emt 00:00:07]} Bb4 {[%clk
00:30:04]} {[%emt 00:03:03]} 43. g4 {[%clk 00:21:21]} {[%emt 00:02:39]} Kd2
{[%clk 00:30:16]} {[%emt 00:00:17]} 44. Kb5 {[%clk 00:20:34]} {[%emt 00:01:17]}
1/2-1/2